| 000 | 00852nam a2200229 a 4500 | ||
|---|---|---|---|
| 001 | 000009246 | ||
| 005 | 20200929161530.0 | ||
| 008 | 090929s1981 dr a 000 0 spa d | ||
| 040 |
_aDO-SdBNP _bspa _cBNPHU |
||
| 082 |
_a598.297293 _bD638g |
||
| 100 | 1 |
_aDod, Annabelle S. _q(Annabelle Stockton), _d1913-1997. _923948 |
|
| 245 | 1 | 0 |
_aGuía de campo para las aves de la República Dominicana / _cAnnabelle Stockton de Dod ; ilustraciones por, Angus Nater ... [et al.]. |
| 260 |
_aSanto Domingo : _bHorizontes de América, _c1981. |
||
| 300 |
_a254 p. : _bil. ; _c21 cm. |
||
| 500 | _aIncluye índice | ||
| 590 | _aInventariado,2018/DG | ||
| 650 | 4 |
_aAves _zRepública Dominicana _923949 |
|
| 650 | 4 |
_aAves _xIdentificación _923950 |
|
| 650 | 4 |
_aAves _xClasificación _923951 |
|
| 700 | 1 | 2 |
_aNater, Angus. _923952 |
| 910 | _aValidado. Control de calidad MFF | ||
| 999 |
_c9009 _d9009 |
||